[Event "FIDE Grand Prix-I Pool-C 2022"]
[Site "Berlin"]
[Date "2022.02.05"]
[Round "2.5"]
[White "Keymer, Vincent"]
[Black "Vidit, Santosh Gujrathi"]
[Result "1/2-1/2"]
[WhiteElo "2664"]
[BlackElo "2727"]
[PlyCount "76"]
[EventDate "2022.02.04"]
[EventType "tourn"]
[EventCountry "GER"]
[SourceTitle "playchess.com"]
[Source "ChessBase"]
[SourceQuality "1"]

1. d4 Nf6 2. c4 e6 3. Nf3 d5 4. Nc3 c5 5. cxd5 cxd4 6. Qxd4 exd5 7. e4 dxe4 8.
Qxd8+ Kxd8 9. Ng5 Be6 10. Nxe6+ fxe6 11. Bg5 Nc6 12. Bc4 Ke7 13. Nxe4 Kf7 14.
Bxf6 gxf6 15. O-O-O Rd8 16. Rxd8 Nxd8 17. Rd1 Be7 18. Rd7 f5 19. Nd6+ Kf6 20.
Nxb7 Nxb7 21. Rxb7 Bc5 22. Rc7 (22. f3 Rd8 23. Rxh7 Be3+ 24. Kc2 Rd2+ 25. Kc3
Rxg2 26. Kd3 Bf4 27. Rxa7 Rxb2 28. Ra6 Rd2+ 29. Kc3 Rd6 30. Rxd6 Bxd6 31. h3 e5
32. Bd3 Bc7 33. Kc4 Ke6 34. h4 Bd8 35. h5 Bg5 36. a4 Bd2 37. Bc2 e4 38. Bxe4
fxe4 39. fxe4 Ke5 40. Kd3 Ba5 41. h6 Kf6 42. e5+ Kg6 43. e6 Bd8 44. a5 {
1-0 (44) Yermolinsky,A (2478)-Sokolin,L (2497) Saint Louis USA 2021}) 22...
Bxf2 23. Rc6 Re8 24. b4 Bg1 25. h3 Rb8 26. Rxe6+ Kg5 27. b5 Rc8 28. Rc6 Rxc6
29. bxc6 Bb6 30. Kd2 Kf6 31. Bd3 h6 32. Ke2 f4 33. Kf3 Bc7 34. Ke4 a5 35. Bc4
Bb8 36. Kd5 Bc7 37. Bd3 Bb8 38. Kc5 Bc7 1/2-1/2

[Event "FIDE Grand Prix-I Pool-C 2022"]
[Site "Berlin"]
[Date "2022.02.05"]
[Round "2.6"]
[White "Dubov, Daniil"]
[Black "Aronian, Levon"]
[Result "1/2-1/2"]
[WhiteElo "2720"]
[BlackElo "2772"]
[PlyCount "71"]
[EventDate "2022.02.04"]
[EventType "tourn"]
[EventCountry "GER"]
[SourceTitle "playchess.com"]
[Source "ChessBase"]
[SourceQuality "1"]

1. d4 Nf6 2. Bf4 d5 3. e3 c5 4. Nf3 Nc6 5. Nbd2 Nh5 6. Be5 e6 7. c4 cxd4 8.
cxd5 Qxd5 9. Bc4 Qd8 10. Bxd4 Nxd4 11. Nxd4 Nf6 12. O-O Be7 13. Qb3 O-O 14.
Rfd1 Bc5 15. Rac1 Qe7 16. N2f3 b6 (16... a6 17. h3 Bd6 18. Ng5 Kh8 19. Qd3 Bc7
20. Bb3 Bb6 21. Ndf3 h6 22. Ne4 Rd8 23. Nd6 Bd7 24. Nc4 Bb5 25. Qb1 {1/2-1/2 
(43) Nihal,S (2652)-Deac,B (2643) Riga LAT 2021}) 17. Bb5 Bb7 18. Bc6 Rac8 19.
Bxb7 Qxb7 20. h3 Bxd4 21. Nxd4 Rxc1 22. Rxc1 Rc8 23. Rc4 g6 24. Nb5 Rxc4 25.
Qxc4 Qd7 26. Nd4 h5 27. Qc6 Qe7 28. Qc4 Qd7 29. Qc6 Qe7 30. Qc8+ Kg7 31. Qc3
Qd6 32. Nf3 Qd1+ 33. Kh2 Qd6+ 34. Kg1 Qd1+ 35. Kh2 Qd6+ 36. Kg1 1/2-1/2

[Event "FIDE Grand Prix-I Pool-D 2022"]
[Site "Berlin"]
[Date "2022.02.05"]
[Round "2.7"]
[White "Shirov, Alexei"]
[Black "Dominguez Perez, Leinier"]
[Result "0-1"]
[WhiteElo "2704"]
[BlackElo "2752"]
[PlyCount "76"]
[EventDate "2022.02.04"]
[EventType "tourn"]
[EventCountry "GER"]
[SourceTitle "playchess.com"]
[Source "ChessBase"]
[SourceQuality "1"]

1. e4 c5 2. Nc3 d6 3. d4 cxd4 4. Qxd4 Nc6 5. Qd2 g6 6. b3 Bh6 7. f4 Nf6 8. Bb2
O-O 9. O-O-O e5 10. g3 Re8 11. Kb1 Nd4 12. Bg2 Bg4 13. Rf1 d5 14. h3 Be6 15. g4
Nxe4 16. Nxe4 dxe4 17. Bxe4 Rc8 18. Qd3 Qa5 19. f5 Bd5 20. Rh2 Bxe4 21. Qxe4
Nb5 22. Qxb7 Nd6 23. Qf3 e4 24. Qd1 $2 (24. Qf2 $1) 24... Nb5 25. c4 Nc3+ 26.
Bxc3 Qxc3 27. Rc2 Qe5 28. Qd5 Qf6 29. a3 Bg7 30. Ka2 Rcd8 31. Qa5 Rd3 32. Ne2
Rb8 33. b4 Rbd8 34. b5 e3 35. Rfc1 Rd2 36. Kb3 R8d3+ 37. Rc3 Qd6 38. Qxa7 Rxe2
0-1

[Event "FIDE Grand Prix-I Pool-A 2022"]
[Site "Berlin"]
[Date "2022.02.06"]
[Round "3.2"]
[White "Esipenko, Andrey"]
[Black "Bacrot, Etienne"]
[Result "1-0"]
[WhiteElo "2714"]
[BlackElo "2642"]
[PlyCount "72"]
[EventDate "2022.02.04"]
[EventType "tourn"]
[EventCountry "GER"]
[SourceTitle "playchess.com"]
[Source "ChessBase"]
[SourceQuality "1"]

1. e4 e6 2. d4 d5 3. Nc3 Nf6 4. e5 Nfd7 5. f4 c5 6. Nf3 Nc6 7. Be3 a6 8. a3
cxd4 9. Nxd4 Bc5 10. Qd2 O-O 11. O-O-O Rb8 12. h4 Bxd4 13. Bxd4 b5 14. Rh3 Qc7
$5 (14... Nxd4 15. Qxd4 Qe7 16. Qb4 Qd8 17. Qd4 Qe7 18. Qb4 Qd8 19. Qd4 {
½-½ (19) Lu Shanglei (2615)-Xu,Y (2554) Xinghua CHN 2020}) 15. b4 $5 f6 16.
exf6 Nxd4 $1 (16... Nxf6 $6 17. Bc5 $1) 17. Qxd4 Rxf6 18. Ne2 (18. Rf3 $5 Nb6
19. Bd3) 18... Nb6 19. Rc3 Nc4 20. g3 Bd7 21. Ng1 Be8 22. Re1 a5 $1 23. Nf3
axb4 24. axb4 Qe7 $5 (24... Qb7) (24... Ra8) 25. Rb3 $6 (25. Bxc4 $1 bxc4 26.
Qc5 $1) 25... Ra8 $1 26. Qc5 Qb7 27. Bxc4 bxc4 28. Rb1 Bg6 29. b5 Be4 30. Nd4
Rc8 $6 31. Nc6 Rf7 32. Ra1 Rfc7 $6 33. Ra6 Qxa6 $6 34. bxa6 Rxc6 35. Qb5 Rc5
36. Qd7 c3 1-0

[Event "FIDE Grand Prix-I Pool-A 2022"]
[Site "Berlin"]
[Date "2022.02.06"]
[Round "3.1"]
[White "Grischuk, Alexander"]
[Black "Nakamura, Hikaru"]
[Result "1/2-1/2"]
[WhiteElo "2764"]
[BlackElo "2736"]
[PlyCount "62"]
[EventDate "2022.02.04"]
[EventType "tourn"]
[EventCountry "GER"]
[SourceTitle "playchess.com"]
[Source "ChessBase"]
[SourceQuality "1"]

1. d4 d5 2. Nf3 Nf6 3. c4 dxc4 4. e3 e6 5. Bxc4 c5 6. O-O a6 7. Re1 Nc6 8. Nc3
Be7 9. dxc5 Qxd1 10. Rxd1 Bxc5 11. Bd2 Bd7 12. Rac1 O-O (12... Rc8 13. Be2 Ba7
14. Ng5 Ke7 15. Nce4 Nxe4 16. Nxe4 Rhd8 17. Nc5 Rb8 18. Nxd7 Rxd7 19. Bc3 f6
20. Re1 Rbd8 21. Bf3 {1-0 (108) Goryachkina,A (2432)-Belenkaya,D (2235)
Vladivostok 2014}) (12... Ba7 13. Be1 Ke7 14. Be2 Rhc8 15. Na4 Nd4 16. Nxd4
Bxa4 17. b3 Bd7 18. Bc3 Ne4 19. Bb2 Rxc1 20. Rxc1 Rc8 21. Bf3 Rxc1+ 22. Bxc1 f5
23. Bb2 {1-0 (65) Barcza,G-Haag,E Salgotarjan 1967}) 13. Be2 (13. Bb3 Ba7 14.
Na4 Ne4 15. Be1 Rfd8 16. Nd2 Nf6 17. Nc5 Be8 18. Nde4 Nxe4 19. Nxe4 Ne5 20. Ba5
Rxd1+ 21. Rxd1 Bc6 {0-1 (50) Brandts,P-Reshevsky,S Long Beach 1955}) 13... Ba7
$5 (13... Rfd8 14. Na4 Ba7 15. Nc5 Bxc5 16. Rxc5 Ne4 17. Rcc1 Nxd2 18. Rxd2 Be8
19. Rcd1 Rxd2 20. Rxd2 Rd8 21. Rxd8 Nxd8 22. Ne5 {1/2-1/2 (34) Huang,Q (2440)
-Shen,Y (2449) Hangzhou 2019}) 14. Ng5 Ne7 {0h25-0h29} (14... Rfd8 15. Nce4
Nxe4 16. Nxe4 Be8 17. Be1 (17. Kf1 Rd5 18. Bc4 Rdd8 19. Be2 Rd5 20. Bc4 Rdd8
21. Be2 Rd5 {1/2-1/2 (20) Sakaev,K (2580)-Lysyj,I (2630) Yaroslavl 2018}) 17...
Rxd1 18. Bxd1 Ne5 19. Be2 Bc6 20. Bc3 Bxe4 21. Bxe5 f6 22. Bc3 Bd5 23. a3 Rc8
24. Kf1 Kf7 25. Bd2 Rxc1+ 26. Bxc1 e5 27. Bd2 Ke6 28. h4 Bc5 29. Bc3 b5 30. Bd1
g6 31. g3 h6 32. Ke2 g5 33. hxg5 hxg5 34. g4 Bg2 35. Bc2 e4 36. Bb3+ Ke7 37.
Bd5 Bf3+ 38. Kd2 Bxg4 39. Bxe4 Bc8 {1/2-1/2 (38) Jakovenko,D (2710)-Giri,A 
(2762) Antalya 2017}) 15. Nce4 Nxe4 16. Nxe4 Bc6 17. Nd6 Rfd8 $14 18. Nxb7 $5
Bxb7 19. Rc7 Bc6 20. Rxe7 Bb6 21. Kf1 a5 22. Rc1 Be4 23. Rc4 Kf8 24. Rxe4 Kxe7
25. Bc3 g5 26. g4 Rac8 27. Ra4 Rd5 28. Kg2 h6 29. h3 Rdc5 30. Kf3 Rxc3 31. bxc3
Rxc3 1/2-1/2

[Event "FIDE Grand Prix-I Pool-B 2022"]
[Site "Berlin"]
[Date "2022.02.06"]
[Round "3.3"]
[White "Oparin, Grigoriy"]
[Black "Rapport, Richard"]
[Result "1/2-1/2"]
[WhiteElo "2681"]
[BlackElo "2763"]
[PlyCount "120"]
[EventDate "2022.02.04"]
[EventType "tourn"]
[EventCountry "GER"]
[SourceTitle "playchess.com"]
[Source "ChessBase"]
[SourceQuality "1"]

1. e4 c5 2. Nf3 d6 3. d4 cxd4 4. Nxd4 Nf6 5. Nc3 Nc6 6. Bg5 e6 7. Qd2 Qb6 8.
Nb3 a6 9. Be2 Be7 10. g4 Qc7 11. O-O-O b5 12. a3 Rb8 13. Rhe1 O-O 14. f4 b4 15.
axb4 Rxb4 16. Bxf6 Bxf6 17. g5 Bd4 18. Kb1 Qb6 19. Na2 Be3 20. Qxd6 Rxe4 21.
Rf1 g6 22. Bf3 Bxf4 23. Qd3 Re3 24. Qc4 Rxf3 25. Rxf3 Bxg5 26. Rff1 Ne7 27. Qb4
Qxb4 28. Nxb4 Nf5 29. Rfe1 Bf4 30. Nc5 Bxh2 31. Nbxa6 g5 32. b4 g4 33. b5 h5
34. Rh1 g3 35. Rd2 h4 36. b6 Kg7 37. b7 Bxb7 38. Nxb7 h3 39. Rdxh2 gxh2 40.
Nbc5 Ng3 41. Rxh2 Rh8 42. Nd3 Nf1 43. Rh1 h2 44. Rxf1 h1=Q 45. Rxh1 Rxh1+ 46.
Kb2 Kf6 47. c4 e5 48. Nab4 e4 49. Nd5+ Ke6 50. N3f4+ Ke5 51. Ne2 Rh2 52. Ndf4
Rf2 53. c5 Rf3 54. Ka2 f5 55. Kb2 Rxf4 56. Nxf4 Kxf4 57. c6 e3 58. Kc2 Kf3 59.
c7 e2 60. c8=Q e1=Q 1/2-1/2

[Event "FIDE Grand Prix-I Pool-C 2022"]
[Site "Berlin"]
[Date "2022.02.06"]
[Round "3.6"]
[White "Aronian, Levon"]
[Black "Keymer, Vincent"]
[Result "1-0"]
[WhiteElo "2772"]
[BlackElo "2664"]
[PlyCount "83"]
[EventDate "2022.02.04"]
[EventType "tourn"]
[EventCountry "GER"]
[SourceTitle "playchess.com"]
[Source "ChessBase"]
[SourceQuality "1"]

1. e4 c6 2. d4 d5 3. exd5 cxd5 4. Bd3 Nf6 5. h3 Nc6 6. Nf3 Nb4 7. Nc3 g6 8. Ne5
a6 9. O-O Bg7 10. Re1 O-O 11. Bg5 Nxd3 12. cxd3 Qb6 13. Nf3 e6 14. Na4 Qd6 15.
Qd2 a5 16. Rac1 Bd7 17. Nc5 b6 18. Bf4 Qe7 19. Nxd7 Nxd7 20. Rc7 Rfc8 21. Rec1
Qd8 22. Qc2 Rxc7 23. Qxc7 Qxc7 24. Rxc7 Rd8 25. Rb7 Kf8 26. Bd6+ Ke8 27. Ne5
Bxe5 28. dxe5 Rc8 29. d4 Kd8 30. Ra7 Rc4 $6 31. b3 $1 Rc1+ (31... Rxd4 $4 32.
Ra8+ Nb8 33. Rxb8+ Kd7 34. Rxb6 $18) 32. Kh2 h6 33. Kg3 Rc3+ 34. f3 Rc6 35. h4
Rc8 36. h5 Rc6 37. Kh4 Rc8 38. g4 Ke8 39. f4 Kd8 40. hxg6 fxg6 41. g5 h5 42. f5
$1 1-0

[Event "FIDE Grand Prix-I Pool-A 2022"]
[Site "Berlin"]
[Date "2022.02.07"]
[Round "4.2"]
[White "Nakamura, Hikaru"]
[Black "Bacrot, Etienne"]
[Result "1/2-1/2"]
[WhiteElo "2736"]
[BlackElo "2642"]
[PlyCount "50"]
[EventDate "2022.02.04"]
[EventType "tourn"]
[EventCountry "GER"]
[Source "ChessBase"]
[SourceQuality "1"]

1. e4 e6 2. d4 d5 3. Nc3 Nf6 4. e5 Nfd7 5. f4 c5 6. Nf3 Nc6 7. Be3 a6 8. a3
cxd4 9. Nxd4 Bc5 10. Qd2 g5 $5 11. Nf3 (11. f5 Nxd4 12. Bxd4 Bxd4 13. Qxd4 Qb6
14. Qxb6 Nxb6 15. fxe6 fxe6 16. h4 g4 17. Bd3 Nd7 18. O-O Ke7 19. Rae1 b5 20.
Rf4 h5 21. Bg6 Rh6 22. Rf7+ Ke8 23. Rf6+ Ke7 24. Rf7+ Ke8 25. Rf6+ Ke7 26. Rf7+
{1/2-1/2 (26) Svidler,P (2714)-Nepomniachtchi,I (2792) Paris FRA 2021}) 11...
d4 12. Bxd4 Nxd4 13. Nxd4 gxf4 14. Qxf4 Nxe5 15. Nb3 $5 {0h48-1h22} (15. Qxe5
$6 Qxd4 16. Qxd4 Bxd4 $17) (15. O-O-O $5 Ng6 16. Qe4 Qg5+ 17. Kb1 $13) (15.
Ndb5 $5 f6 16. Ne4 O-O 17. Nxc5 axb5 $13) 15... Ng6 16. Qf3 Ba7 (16... Bf8 $5)
(16... Be7 $5) 17. Bxa6 O-O 18. Bd3 Qh4+ 19. Qg3 (19. g3 Qh6) 19... Qh6 20. h4
$5 (20. Nd2 $1 Bb8 21. Qf2) 20... f5 $5 (20... Be3 $1) 21. Nd2 $1 Bb8 22. Qf2
Ba7 23. Qg3 Bb8 24. Qf2 Ba7 25. Qg3 Bb8 1/2-1/2

[Event "FIDE Grand Prix-I Pool-A 2022"]
[Site "Berlin"]
[Date "2022.02.07"]
[Round "4.1"]
[White "Grischuk, Alexander"]
[Black "Esipenko, Andrey"]
[Result "1/2-1/2"]
[WhiteElo "2764"]
[BlackElo "2714"]
[PlyCount "81"]
[EventDate "2022.02.04"]
[EventType "tourn"]
[EventCountry "GER"]
[Source "ChessBase"]
[SourceQuality "1"]

1. d4 Nf6 2. c4 e6 3. Nc3 Bb4 4. e3 O-O 5. a3 Bxc3+ 6. bxc3 c5 7. Bd3 Nc6 8.
Nf3 d5 9. O-O dxc4 10. Bxc4 Qc7 11. h3 b6 12. Bb2 (12. Bd3 Rd8 13. Bb2 Ne7 14.
Re1 Ng6 15. e4 Bb7 16. Nd2 Rd7 17. Bf1 Rad8 18. Qe2 Qc6 19. Qc4 Qc7 20. Qe2 Qc6
21. Qc4 Qc7 22. Rac1 h5 23. Qe2 {1-0 (52) Grischuk,A (2748)-Alekseev,E (2716)
Nalchik 2009}) 12... e5 13. Be2 (13. Qe2 e4 14. Nd2 Na5 15. Ba2 c4 16. a4 Be6
17. Ba3 Rfc8 18. Rab1 Qd7 19. Qd1 Nb3 20. Qc2 Bxh3 21. f3 Nxd2 22. Qxd2 Bf5 23.
Rb5 Nd5 24. Bb1 Re8 25. Bc2 a6 26. Rb2 exf3 27. Bxf5 Qxf5 28. Rxf3 Qd3 29. Qxd3
cxd3 30. e4 Rxe4 31. Rxd3 Rc8 32. a5 b5 33. Bc5 f5 34. Rc2 Kf7 35. c4 bxc4 36.
Rxc4 Rb8 37. Bd6 Rb1+ 38. Kh2 Rh4+ 39. Rh3 Rxh3+ 40. Kxh3 Rb5 41. Be5 {1/2-1/2
(41) Korobov,A (2605)-Bu,X (2714) Beijing 2008}) 13... Rd8 14. Qc2 Bb7 15. Rfd1
Rac8 16. dxc5 bxc5 17. c4 Rxd1+ 18. Rxd1 Re8 19. Nh2 Nb8 20. Ng4 Nbd7 21. Qf5
Re6 22. Qd3 Qc6 23. Nxf6+ Nxf6 24. Bf1 Qa4 25. Rd2 Re8 26. Qc2 Qa5 27. Rd1 Be4
28. Qc3 Qb6 29. Ba1 h6 30. f3 Bc6 31. Rd6 Qc7 32. Qd2 Nd7 33. Bc3 Nb6 34. Ba5
Kf8 35. Qd1 Ke7 36. Rd2 Rd8 37. Rxd8 Qxd8 38. Qb1 e4 39. f4 f6 40. Be2 Kd7 41.
Qd1+ 1/2-1/2

[Event "FIDE Grand Prix-I Pool-B 2022"]
[Site "Berlin"]
[Date "2022.02.07"]
[Round "4.4"]
[White "Rapport, Richard"]
[Black "Wojtaszek, Radoslaw"]
[Result "1/2-1/2"]
[WhiteElo "2763"]
[BlackElo "2686"]
[PlyCount "115"]
[EventDate "2022.02.04"]
[EventType "tourn"]
[EventCountry "GER"]
[Source "ChessBase"]
[SourceQuality "1"]
[TimeControl "40/5400+30:1800+30"]

{[%evp 12,115,4,6,0,7,20,7,33,39,29,31,34,41,21,45,51,39,51,41,41,48,42,29,58,
39,60,49,52,40,52,50,43,22,37,24,33,27,30,27,39,26,31,5,33,0,0,0,26,16,33,28,
37,40,67,15,11,19,24,27,21,31,20,26,36,23,53,44,49,77,60,79,66,78,38,0,65,71,
77,82,52,39,106,110,49,0,0,0,0,0,0,0,0,0,0,0,0,32767,32767,32767,32767,32767,
32767,32767,32767,0]} 1. d4 Nf6 2. c4 e6 3. Bf4 d5 4. cxd5 exd5 5. e3 Bd6 6.
Bxd6 Qxd6 7. Bd3 O-O 8. Nc3 Bg4 9. Qb3 Nbd7 10. h3 Be6 11. Nf3 ({Of course not
} 11. Qxb7 Rab8 12. Qa6 Qxa6 13. Bxa6 Rxb2 $11) 11... c5 12. Qa3 ({Don't
blunder} 12. Qxb7 $2 c4 13. Bxc4 dxc4 $19) 12... Rfc8 13. O-O Qf8 14. dxc5 Nxc5
15. Ne2 Bd7 16. Nfd4 Ne6 17. Qb3 Rc7 18. Rad1 Nxd4 19. Nxd4 Rac8 20. a3 Qc5 21.
Ne2 a6 22. Nd4 Qa5 23. Ra1 h6 24. Qb4 Qxb4 25. axb4 Kf8 26. g4 Ne4 27. Rfd1 h5
28. Kg2 hxg4 29. hxg4 Nd6 30. Be2 Nc4 31. b3 Ne5 32. Kg3 Rc3 (32... Rd8 $11)
33. b5 (33. Ra5 $14 {should be considered.}) 33... axb5 34. Ra7 Nc6 35. Rxb7
Nxd4 36. Rxd4 Bc6 37. Ra7 Rxb3 38. g5 g6 39. Bf3 Rc3 40. Rf4 $1 Be8 $1 41. Bxd5
R8c7 42. Ra8 Rc8 $1 43. Ra7 (43. Rxc8 $16 Rxc8 44. Rf6) 43... R8c7 44. Rxc7 $1
Rxc7 45. Rf6 $1 b4 46. e4 Bb5 ({Better is} 46... Ba4 $14) 47. Rb6 Bc4 $1 48.
Rxb4 (48. Kf4 $16) 48... Bxd5 49. exd5 Rc5 50. Rd4 Ke7 51. d6+ Kd7 52. Kg4 Rc1
53. Kf4 Re1 54. Kg4 Rg1+ 55. Kf4 Re1 56. Rd5 Re6 57. f3 Rxd6 58. Ke4 $11
1/2-1/2

[Event "FIDE Grand Prix-I Pool-B 2022"]
[Site "Berlin"]
[Date "2022.02.07"]
[Round "4.3"]
[White "Oparin, Grigoriy"]
[Black "Fedoseev, Vladimir"]
[Result "0-1"]
[WhiteElo "2681"]
[BlackElo "2704"]
[PlyCount "82"]
[EventDate "2022.02.04"]
[EventType "tourn"]
[EventCountry "GER"]
[Source "ChessBase"]
[SourceQuality "1"]

1. e4 c5 2. Nf3 Nc6 3. Nc3 e5 4. Bc4 d6 5. d3 Be7 6. a4 Nf6 7. Bg5 Nd7 8. Bd2
O-O 9. Nd5 Nb6 10. Nxb6 axb6 11. c3 Kh8 12. b4 Qe8 13. b5 Nd8 14. h4 f5 15. h5
Be6 16. Qb3 Qd7 17. Kd1 fxe4 18. dxe4 Bxc4 19. Qxc4 Qg4 20. Qd3 c4 21. Qe3 Ne6
22. Rg1 Nf4 23. Kc1 Qxh5 24. Kc2 Qg6 25. g3 Nd3 26. Nh4 Qe6 27. Nf5 Rxf5 28.
exf5 Qxf5 29. g4 Nb4+ 30. Kd1 Qc2+ 31. Ke1 Qb2 32. Rc1 Nd3+ 33. Ke2 Rf8 34. f3
e4 35. Rh1 d5 36. fxe4 Rf2+ 37. Kd1 Qb3+ 38. Rc2 Qb1+ 39. Rc1 (39. Bc1 Qxc2#)
39... Nxc1 40. Qxf2 Nd3+ 41. Ke2 Qxh1 0-1

[Event "FIDE Grand Prix-I Pool-D 2022"]
[Site "Berlin"]
[Date "2022.02.07"]
[Round "4.8"]
[White "Harikrishna, Pentala"]
[Black "Shirov, Alexei"]
[Result "1/2-1/2"]
[WhiteElo "2717"]
[BlackElo "2704"]
[PlyCount "152"]
[EventDate "2022.02.04"]
[EventType "tourn"]
[EventCountry "GER"]
[Source "ChessBase"]
[SourceQuality "1"]

1. e4 e5 2. Nf3 Nc6 3. Bb5 a6 4. Ba4 Nf6 5. O-O Be7 6. Re1 b5 7. Bb3 O-O 8. a4
b4 9. d3 d6 10. Nbd2 Na5 11. Ba2 Re8 12. c3 Rb8 13. Nc4 Nxc4 14. Bxc4 bxc3 15.
bxc3 c6 16. h3 d5 17. Ba2 Bd6 18. Bg5 Be6 19. Qc2 h6 20. Bh4 dxe4 21. dxe4 Bc7
22. Red1 Qe7 23. Bxe6 Qxe6 24. Bxf6 Qxf6 25. Rd7 Re7 26. Rd3 Qe6 27. Qe2 Qb3
28. Rad1 Qb2 29. R3d2 Qxc3 30. Qxa6 g6 31. Qe2 Qb4 32. Ra2 Rd8 33. Rc1 Re6 34.
Qc4 Rd1+ 35. Kh2 Qxc4 36. Rxc4 Ba5 37. g3 f5 38. Re2 fxe4 39. Rcxe4 c5 40. Rxe5
Rxe5 41. Nxe5 Ra1 42. Re4 $6 (42. Nxg6 Rxa4 43. Rc2 Kg7 44. Ne5 Bb4 45. Nd3 Ra5
46. g4 $18) 42... Kg7 43. Nd3 Ra3 44. Nxc5 Bb6 45. Ne6+ Kf7 46. Nf4 Bxf2 47.
Ne2 Be1 48. Kg2 h5 49. g4 hxg4 50. hxg4 Kf6 51. Nf4 Ba5 52. Kf2 Kg5 53. Ne6+
Kh4 54. g5+ Kh5 55. Ke2 Ra2+ 56. Kd3 Ra3+ 57. Kc2 Rc3+ 58. Kd1 Ra3 59. Kc2 Rc3+
60. Kb2 Rg3 61. Ng7+ Kxg5 62. Re5+ Kf6 63. Rxa5 Kxg7 64. Rc5 Rf3 65. a5 Kh6 66.
a6 g5 67. Ra5 Rf8 68. Kc3 Kh5 69. a7 Ra8 70. Kd4 Kh4 71. Kc5 g4 72. Kb6 g3 73.
Ra2 Kh3 74. Kb7 Rxa7+ 75. Kxa7 g2 76. Rxg2 Kxg2 1/2-1/2

[Event "FIDE Grand Prix-I Pool-A 2022"]
[Site "Berlin"]
[Date "2022.02.09"]
[Round "5.1"]
[White "Nakamura, Hikaru"]
[Black "Grischuk, Alexander"]
[Result "1-0"]
[WhiteElo "2736"]
[BlackElo "2764"]
[PlyCount "83"]
[EventDate "2022.02.04"]
[EventType "tourn"]
[EventCountry "GER"]
[SourceTitle "playchess.com"]
[Source "ChessBase"]
[SourceQuality "1"]

1. d4 Nf6 2. c4 g6 3. Nc3 Bg7 4. e4 d6 5. Be2 O-O 6. Be3 e5 7. d5 Na6 8. h4 Nc5
9. Qc2 c6 10. h5 cxd5 11. cxd5 Qa5 12. h6 Bh8 13. f3 Bd7 14. Rb1 Na4 15. Qd2
Nxc3 16. bxc3 Qc7 (16... b6 17. Rb3 Rfc8 18. Bd3 Ba4 19. Ra3 Nxd5 20. exd5 e4
21. c4 exd3 22. Qxa5 bxa5 23. Rxa4 Bc3+ 24. Bd2 Bd4 25. Bxa5 Rab8 26. Kd2 Bc5
27. Kxd3 Rb1 28. Kc2 Rcb8 29. Bc3 {1-0 (43) Santos Ruiz,M (2592)-Yuffa,D (2584)
Alicante ESP 2021}) 17. g4 $5 (17. c4 b6 18. g4 Bc8 19. Nh3 Nd7 20. Nf2 Nc5 21.
Nd3 Bf6 22. Nxc5 bxc5 23. O-O Bd7 24. Rb3 Rab8 25. Rfb1 Rb6 26. g5 {1/2-1/2 
(49) Eljanov,P (2676)-Demchenko,A (2679) Germany 2019}) 17... Bc8 18. Nh3 Nd7
19. Nf2 Bf6 20. O-O Be7 21. Kh2 Nc5 22. Nd3 {0h47-0h15} b6 23. Nxc5 bxc5 24. f4
exf4 25. Bxf4 Bd7 26. c4 Rab8 27. Qc3 f6 28. Rb3 Rb6 29. g5 Rf7 30. Bc1 Qd8 31.
Bb2 Qf8 32. Kg2 Bd8 33. Qf3 Bc8 34. Qe3 Rxb3 35. axb3 fxg5 36. Qc3 Rxf1 37.
Qh8+ Kf7 38. Qxh7+ Ke8 39. Qxg6+ Ke7 40. Qxg5+ Rf6 41. h7 Kd7 42. Qg8 1-0

[Event "FIDE Grand Prix-I Pool-A 2022"]
[Site "Berlin"]
[Date "2022.02.09"]
[Round "5.2"]
[White "Bacrot, Etienne"]
[Black "Esipenko, Andrey"]
[Result "0-1"]
[WhiteElo "2642"]
[BlackElo "2714"]
[PlyCount "88"]
[EventDate "2022.02.04"]
[EventType "tourn"]
[EventCountry "GER"]
[SourceTitle "playchess.com"]
[Source "ChessBase"]
[SourceQuality "1"]

1. e4 e5 2. Nf3 Nc6 3. Bb5 a6 4. Ba4 Nf6 5. O-O Be7 6. Re1 b5 7. Bb3 O-O 8. a4
b4 9. d4 d6 10. dxe5 Nxe5 11. Nxe5 dxe5 12. Qxd8 Rxd8 13. Nd2 Bc5 14. Nf3 Re8 (
14... Ng4 15. Be3 Nxe3 $6 16. fxe3 Re8 17. Ng5 Re7 18. Rad1 Bd7 19. Nxf7 Kf8
20. Nxe5 Rxe5 21. Rxd7 {1-0 (40) Robson,R (2673)-Svane,R (2615) INT 2021}) 15.
Be3 Bxe3 16. Rxe3 Bb7 (16... Be6 17. Rd1 {1/2-1/2 (17) Baklan,V (2645)
-Kasimdzhanov,R (2712) Nakhchivan 2015} Kf8 18. Kf1 Rab8 19. Ke2 Rb6 20. Nd2
Rc6 21. Bxe6 Rexe6 22. Rc1 Ke7 23. Rb3 a5 24. Rd3 Red6 25. f3 Nd7 26. b3 {
0-1 (59) Van Delft,M (2374)-Van den Doel,E (2592) Netherlands 2010}) (16... h6
17. Rd1 Be6 18. Kf1 Kf8 19. Nd2 Nd7 20. Bxe6 Rxe6 21. Nc4 Nb6 22. Nxb6 cxb6 23.
c3 Rc8 24. cxb4 Rc4 25. b5 Rxa4 26. bxa6 Rxa6 27. Rc3 Ra7 28. Ke2 Ke7 29. Rd5
Rd7 30. Rxd7+ {1/2-1/2 (30) Adams,M (2747)-Tomashevsky,E (2696) Moscow 2017})
17. Rd1 Kf8 18. Nd2 Red8 $5 {0h28-0h42} 19. f3 a5 20. Bc4 (20. Rd3 Ba6 21. Bc4
Rxd3 22. Bxd3 Bxd3 23. cxd3 Nd7 24. Nb3 c5 $11) 20... Bc6 21. b3 Nd7 22. Be2
Nc5 23. Kf2 f6 24. c3 $6 Be8 $5 (24... Nxa4 $5 25. bxa4 Bxa4 26. Ra1 Rxd2 27.
Ke1 Rb2 28. Rxa4 b3) 25. Ke1 Bf7 26. cxb4 axb4 27. Bc4 $6 Rd4 $1 28. Rc1 Bxc4
29. Rxc4 Rxc4 30. Nxc4 Rd8 31. g3 Ke7 32. Ke2 Rd4 33. Nd2 g5 34. Kd1 h5 {
0h03-0h12} 35. Kc2 g4 36. f4 exf4 37. gxf4 h4 38. a5 Kd7 39. Kd1 g3 40. hxg3
hxg3 41. Kc2 g2 42. Re1 Nd3 43. Ra1 Nxf4 44. a6 Kc6 0-1

[Event "FIDE Grand Prix-I Pool-D 2022"]
[Site "Berlin"]
[Date "2022.02.09"]
[Round "5.5"]
[White "Keymer, Vincent"]
[Black "Aronian, Levon"]
[Result "0-1"]
[WhiteElo "2664"]
[BlackElo "2772"]
[PlyCount "70"]
[EventDate "2022.02.04"]
[EventType "tourn"]
[EventCountry "GER"]
[SourceTitle "playchess.com"]
[Source "ChessBase"]
[SourceQuality "1"]

1. d4 Nf6 2. c4 e6 3. Nf3 d5 4. Nc3 Bb4 5. Qa4+ Nc6 6. e3 O-O 7. Qc2 Qe7 ({RR} 
7... Re8 8. Bd2 Bf8 9. a3 b6 10. cxd5 exd5 11. Bb5 Bd7 12. Nxd5 Nxd4 13. Nxf6+
Qxf6 14. Nxd4 Qxd4 15. O-O-O Qd5 16. Bd3 g6 17. Bc3 Qc6 18. h4 Bg7 19. Bxg7
Kxg7 20. Bc4 Bf5 21. Qc3+ Qf6 22. Qxf6+ {Aronian,L (2781)-Caruana,F (2820)
Paris FRA 2021 1/2-1/2 (43)}) ({RR} 7... Re8 8. Bd2 Bf8 9. O-O-O a6 10. a3 Ne7
11. Ne5 c6 12. f4 dxc4 13. Bxc4 b5 14. Bd3 Qb6 15. Kb1 Ned5 16. Ne4 Bb7 17. Nc5
Rac8 18. b4 Bxc5 19. dxc5 Qc7 20. g4 g6 21. h4 Nd7 22. Nxd7 {Bykhovsky,A (2404)
-Le Bris,Y (1976) Europe-Echecs INT 2021 1-0 (34)}) 8. Bd2 dxc4 $146 ({RR} 8...
a6 9. a3 Bxc3 10. Bxc3 Ne4 11. Bd3 Nxc3 12. bxc3 g6 13. O-O dxc4 14. Bxc4 Na5
15. Bd3 c5 16. Rfb1 Qc7 17. Qb2 Bd7 18. Ne5 Ba4 19. Qb6 Rfc8 20. Be4 cxd4 21.
cxd4 Nb3 22. Qxb7 Ra7 23. Qb4 {Vasquez Schroder,R (2494)-Neelash,S (2319)
Barbera del Valles 2018 0-1 (52)}) 9. Bxc4 e5 10. d5 Qc5 11. Ne4 Nxe4 12. Qxe4
Ne7 13. Nxe5 Bf5 14. Qf4 Bxd2+ 15. Kxd2 Qb4+ 16. Kc1 Qc5 17. g4 g5 $1 18. b4 $1
(18. Qxg5+ $6 Bg6 {[%cal Yf7f6]}) 18... Qxb4 19. Qd4 (19. Qxg5+ $2 Bg6 {
[%csl Gb4,Yc1,Yc4,Ye5,Gg6][%cal Yf7f6,Yg6b1]}) 19... Ng6 20. Bb3 Qa3+ 21. Kd2
c5 22. Qc3 Nxe5 23. gxf5 Rfe8 24. Rhg1 b5 25. Rxg5+ Kh8 26. Bd1 Qa6 27. Be2
Rad8 28. e4 Qa4 29. Rh5 $4 (29. f3 $1 b4 30. Qb3 Qa5 31. Bc4 $11) 29... Qxe4
30. Rg1 Rxd5+ 31. Kc1 Qf4+ 32. Kb1 Rd4 $19 33. Bxb5 $6 Rb4+ 34. Ka1 Rxb5 35.
Re1 f6 0-1